Storyteller characters Sudden death - Statistics

General Stats
  • This quiz has been taken 12 times
  • The average score is 8 of 17
Answers on the Grid
Answers color-coded by a green-red scale on the quiz's grid according to % correct below.
Albert
Juilet
Dog
Duchess
Cat
Froggy
Captain
Doctor
King
Queen
Prince
Devil
Angel
Greeny
Reddy
Bluey
Robot
Witch
Eve
Isobel
Bernard
Detective
Adam
Fisherman
Knight
 
Answer Stats
Answer % Correct
Juilet
88%
Adam
63%
Eve
63%
King
63%
Bluey
50%
Detective
50%
Devil
50%
Duchess
50%
Prince
50%
Queen
50%
Bernard
38%
Dog
38%
Froggy
38%
Greeny
38%
Isobel
38%
Knight
38%
Witch
38%
No matching quizzes found
Score Distribution
Percent of People with Each Score
Percentile by Number Answered
Your Score History
You have not taken this quiz